000 00558nam a22002177a 4500
003 UA-OsUOA
001 59606
007 ta
008 20090406b un ||||| |||| 00| 0 ukr d
100 _aТоменко М.
090 _a82
_bТ56
942 _cSA
040 _aUA-OsUOA
_bukr
_cUA-OsUOA
_dUA-OsUOA
245 _aУкраїнський романтик Микола Гоголь
300 _aС.1, 4
955 _a0
041 _aukr
080 _a82
773 0 _w59605
650 7 _a82 Література. Літературознавство
_2UDC
999 _c345772
_d345772